000 00853nam a2200205Ia 4500
003 Ost
005 20260507075115.0
008 260507s9999||||xx |||||||||||||| ||und||
040 _cfsecg
041 _aara
082 _a658.5421
100 _aحمودة، عبد الناصر محمد
_eمؤلف
245 0 _aدليل المدير العربي لإدارة الوقت /
_c عبد الناصر محمد حمودة
260 _aالقاهرة:
_bالمنظمة العربية للتنمية الإدارية,
_c2003
300 _a89 صفحة؛
_bإيضاحات ؛
_c24 سم
520 _aإدارة الوقت الإستراتيجية العامة- إدارة الوقت- التصدي للمضيعات
653 _aإدارة الوقت
653 _aالوقت- الإدارة والمديرين- الدول العربية
942 _cكتاب
999 _c42997
_d42997